[Event "3rd International Chess Festival Sport "]
[Site "Paracin"]
[Date "2010.07.10"]
[Round "3.3"]
[White "Lahiri Atanu"]
[Black "Kryakvin Dmitry"]
[Result "1/2-1/2"]
[WhiteElo "2353"]
[BlackElo "2603"]
[Annotator "Milojevic,Boban"]
[PlyCount "71"]
[EventDate "2010.??.??"]
[TimeControl "5400"]

1. d4 Nf6 2. c4 c5 3. d5 e5 4. Nc3 d6 5. e4 Be7 6. g3 O-O 7. Bg2 a6 8. Nge2
Nbd7 9. O-O Ne8 10. h3 g6 11. Bh6 Ng7 12. Qd2 Kh8 13. a4 Nf6 14. Nc1 Ng8 15.
Be3 f5 16. Nd3 Nf6 17. Kh2 fxe4 18. Nxe4 Nxe4 19. Bxe4 Bf5 20. Bg2 b5 21. axb5
axb5 22. Rxa8 Qxa8 23. Nxe5 Bf6 24. Ng4 Bxg4 25. hxg4 bxc4 26. g5 Bd8 27. Rc1
Ba5 28. Qe2 Nf5 29. Rxc4 Re8 30. Re4 Rxe4 31. Bxe4 Nxe3 32. Qxe3 Qe8 33. Qf4
Qe7 34. Bf3 Kg7 35. Bg4 Qf7 36. Qxf7+ 1/2-1/2

[Event "3rd International Chess Festival Sport "]
[Site "Paracin"]
[Date "2010.07.10"]
[Round "3.3"]
[White "Damljanovic Branko"]
[Black "Brankovic Dejan"]
[Result "1-0"]
[WhiteElo "2541"]
[BlackElo "2352"]
[Annotator "Milojevic,Boban"]
[PlyCount "71"]
[EventDate "2010.??.??"]
[TimeControl "5400"]

1. c4 Nf6 2. Nc3 g6 3. e4 d6 4. d4 Bg7 5. Nf3 O-O 6. Be2 e5 7. Be3 h6 8. O-O
Ng4 9. Bc1 Nc6 10. d5 Ne7 11. Ne1 f5 12. Bxg4 fxg4 13. Be3 g5 14. a4 Rf4 15. a5
Ng6 16. b4 a6 17. b5 Qe8 18. Qb1 Nh4 19. bxa6 bxa6 20. Ne2 Bd7 21. Ng3 Rb8 22.
Qc2 Rf8 23. Nd3 c6 24. dxc6 Bxc6 25. Rfb1 Qf7 26. Nb4 Rbc8 27. Qd3 h5 28. Nxc6
Rxc6 29. Rb6 Rxc4 30. Rxd6 Rd4 31. Bxd4 exd4 32. Rf1 Be5 33. Rxa6 Qf4 34. Qb3+
Kh7 35. Ra7+ Kh6 36. Qb7 1-0

[Event "3rd International Chess Festival Sport "]
[Site "Paracin"]
[Date "2010.07.10"]
[Round "3.3"]
[White "Abramovic Bosko"]
[Black "Pantelic Sasa"]
[Result "1-0"]
[WhiteElo "2491"]
[BlackElo "2335"]
[Annotator "Milojevic,Boban"]
[PlyCount "87"]
[EventDate "2010.??.??"]
[TimeControl "5400"]

1. d4 Nf6 2. c4 g6 3. Nc3 Bg7 4. g3 O-O 5. Bg2 d6 6. Nf3 Nc6 7. O-O Bg4 8. d5
Na5 9. b3 c5 10. dxc6 Nxc6 11. Be3 Qa5 12. Rc1 Qh5 13. Nd4 Bh3 14. f3 Ne5 15.
Bf2 Bxg2 16. Kxg2 Nc6 17. e4 Qa5 18. Qd2 Rac8 19. Rfd1 Rfe8 20. Qe2 a6 21. Nxc6
Rxc6 22. Nd5 Nxd5 23. exd5 Rc7 24. a4 Qb4 25. Qd3 Rec8 26. Be1 Qa3 27. Ba5 Rd7
28. Bb6 Re8 29. Rc2 e5 30. c5 f5 31. c6 Rde7 32. c7 Rc8 33. Rc4 h5 34. Qc2 Kh7
35. Re1 Bf6 36. a5 e4 37. fxe4 fxe4 38. Rcxe4 Rxe4 39. Rxe4 Qa1 40. Re6 h4 41.
gxh4 Kg7 42. Qf2 Be5 43. Re7+ Kh8 44. Qf7 1-0

[Event "3rd International Chess Festival Sport "]
[Site "Paracin"]
[Date "2010.07.10"]
[Round "3.3"]
[White "Savic Miodrag R"]
[Black "Bargan Sergei"]
[Result "1/2-1/2"]
[WhiteElo "2477"]
[BlackElo "2331"]
[Annotator "Milojevic,Boban"]
[PlyCount "101"]
[EventDate "2010.??.??"]
[TimeControl "5400"]

1. e4 c5 2. c3 g6 3. d4 cxd4 4. cxd4 d5 5. e5 Nc6 6. Nf3 Bg4 7. Bb5 Rc8 8. O-O
a6 9. Bxc6+ Rxc6 10. Nc3 e6 11. h3 Bxf3 12. Qxf3 Qh4 13. Be3 Ne7 14. Kh2 Nf5
15. Ne2 h5 16. Rac1 Qg4 17. Ng1 Rxc1 18. Rxc1 Kd7 19. Rc3 Be7 20. g3 Qxf3 21.
Nxf3 Rc8 22. Rxc8 Kxc8 23. Kg2 Kd7 24. Kf1 Bd8 25. Ke2 b5 26. Kd3 Ne7 27. Bg5
Nc6 28. Bxd8 Kxd8 29. a3 Ke7 30. Nd2 Kd7 31. f4 Na5 32. b3 Nc6 33. Nf3 Ke7 34.
Ne1 a5 35. Ke3 b4 36. a4 Nd8 37. Nd3 Nc6 38. Nc5 Nb8 39. Nb7 Nc6 40. Nd6 f5 41.
Nb7 Kd7 42. Nc5+ Ke7 43. Kd3 Nd8 44. Ke2 Nc6 45. Ke3 Nd8 46. Nd3 Nc6 47. Ne1
Nd8 48. Nf3 Nc6 49. Nh2 Nd8 50. Nf3 Nc6 51. Ng5 1/2-1/2

[Event "3rd International Chess Festival Sport "]
[Site "Paracin"]
[Date "2010.07.10"]
[Round "3.3"]
[White "Dochev Dimitar"]
[Black "Adnoy Hallvard V"]
[Result "1/2-1/2"]
[WhiteElo "2430"]
[BlackElo "2275"]
[Annotator "Milojevic,Boban"]
[PlyCount "94"]
[EventDate "2010.??.??"]
[TimeControl "5400"]

1. e4 g6 2. d4 Bg7 3. Nc3 a6 4. f4 b5 5. Be2 b4 6. Nd5 a5 7. a3 e6 8. Ne3 Bb7
9. Bf3 d6 10. Nh3 Nf6 11. Nf2 d5 12. e5 Ne4 13. O-O O-O 14. Nd3 Na6 15. Ng4 Qe7
16. Be3 Rfd8 17. axb4 Nxb4 18. Bxe4 dxe4 19. Nc5 Bc6 20. Nf2 Qxc5 21. dxc5 Rxd1
22. Nxd1 Nxc2 23. Rc1 Nb4 24. Nc3 f6 25. Ne2 Bb5 26. Rfe1 Nd3 27. Nd4 Nxc1 28.
Rxc1 Bd7 29. c6 Bc8 30. Nb5 fxe5 31. Nxc7 Rb8 32. Ne8 Rb3 33. Nxg7 Kxg7 34. Rc3
Rxc3 35. bxc3 exf4 36. Bxf4 Kf6 37. Kf2 e5 38. Bc1 Ke6 39. Ke3 Kd5 40. c7 Kd6
41. Ba3+ Kxc7 42. Kxe4 Bb7+ 43. Kxe5 Bxg2 44. Kd4 Kc6 45. c4 Bf3 46. h4 Bd1 47.
Bf8 h5 1/2-1/2

[Event "3rd International Chess Festival Sport "]
[Site "Paracin"]
[Date "2010.07.10"]
[Round "3.3"]
[White "Pancevski Filip"]
[Black "Popovic Aleksandar M"]
[Result "0-1"]
[WhiteElo "2402"]
[BlackElo "2244"]
[Annotator "Milojevic,Boban"]
[PlyCount "52"]
[EventDate "2010.??.??"]
[TimeControl "5400"]

1. e4 e5 2. Nf3 Nc6 3. Bb5 a6 4. Ba4 Nf6 5. d3 d6 6. c3 Be7 7. Nbd2 O-O 8. Nf1
b5 9. Bc2 d5 10. Ng3 dxe4 11. dxe4 Qxd1+ 12. Bxd1 Be6 13. h3 Rfd8 14. Bc2 a5
15. Nf5 Bf8 16. Ng5 Bc4 17. Ne3 Nb4 18. Bb3 Nd3+ 19. Kf1 Bxb3 20. axb3 Nc5 21.
Ke2 Nxb3 22. Rb1 h6 23. Nf3 Bd6 24. Nf5 Nxe4 25. Rd1 a4 26. Ke3 Bc5+ 0-1

[Event "3rd International Chess Festival Sport "]
[Site "Paracin"]
[Date "2010.07.10"]
[Round "3.3"]
[White "Strebkovs Andrejs"]
[Black "Kiroski Toni"]
[Result "1-0"]
[WhiteElo "2325"]
[BlackElo "2362"]
[Annotator "Milojevic,Boban"]
[PlyCount "123"]
[EventDate "2010.??.??"]
[TimeControl "5400"]

1. d4 d6 2. Nf3 f5 3. g3 g6 4. c3 Bg7 5. Bg2 Nf6 6. Qb3 c6 7. Nbd2 Qb6 8. Nc4
Qxb3 9. axb3 Na6 10. O-O O-O 11. Na5 Nc7 12. Nd2 d5 13. b4 Nd7 14. f4 Nb8 15.
Nf3 b6 16. Nb3 Nd7 17. Ne5 Nxe5 18. dxe5 Bb7 19. Be3 Nb5 20. Rfd1 Rfd8 21. h3
g5 22. Rac1 gxf4 23. gxf4 e6 24. c4 dxc4 25. Rxd8+ Rxd8 26. Rxc4 Bf8 27. Bxc6
Bxc6 28. Rxc6 Kf7 29. Rc4 Rd7 30. Kf2 Rc7 31. Rxc7+ Nxc7 32. Nd4 Nd5 33. Nc6 a6
34. Nb8 Nxb4 35. Bxb6 Nd5 36. Be3 a5 37. Nc6 a4 38. Bc1 Bc5+ 39. Kf3 Ke8 40. e4
fxe4+ 41. Kxe4 Nb6 42. Na5 Bb4 43. Nc6 Bc5 44. f5 exf5+ 45. Kxf5 Nc4 46. Ke4 a3
47. bxa3 Bxa3 48. Bxa3 Nxa3 49. Kf5 Nc4 50. Kf6 Nd2 51. h4 Kf8 52. e6 Ne4+ 53.
Ke5 Ng3 54. Nd4 Nh5 55. Nf5 Ke8 56. Kd6 Nf6 57. Ne3 Kf8 58. Nd5 Ne8+ 59. Kd7 h6
60. Ne3 Ng7 61. e7+ Kf7 62. Nf5 1-0

[Event " 3rd International Chess Festival Sport "]
[Site "Paracin"]
[Date "2010.07.10"]
[Round "3.9"]
[White "Irizanin, Radoje"]
[Black "Simantsev, Mikhail"]
[Result "1/2-1/2"]
[WhiteElo "2300"]
[BlackElo "2539"]
[PlyCount "78"]
[EventDate "2010.07.09"]

1. e4 e5 2. Nf3 Nc6 3. d4 exd4 4. Bc4 Nf6 5. e5 d5 6. Bb5 Ne4 7. Nxd4 Bd7 8.
Bxc6 bxc6 9. O-O Be7 10. f3 Nc5 11. f4 Ne4 12. Nc3 Nxc3 13. bxc3 c5 14. Nb3 c4
15. Nd4 c5 16. Ne2 Bc6 17. f5 Qd7 18. e6 fxe6 19. Nf4 O-O 20. Nxe6 Rxf5 21.
Rxf5 Qxe6 22. Qf1 d4 23. Bd2 Be4 24. Rf2 Bf6 25. Re1 Qd5 26. Rxf6 gxf6 27. Qxf6
Rf8 28. Qh4 Bg6 29. Bh6 Re8 30. Rxe8+ Bxe8 31. Qg3+ Bg6 32. Qb8+ Kf7 33. Qxa7+
Ke6 34. Qa6+ Kd7 35. Qa7+ Ke6 36. Qa6+ Ke7 37. Qa7+ Ke8 38. Qb8+ Kd7 39. Qa7+
Ke6 1/2-1/2

[Event " 3rd International Chess Festival Sport "]
[Site "Paracin"]
[Date "2010.07.10"]
[Round "3.11"]
[White "Tomilova, Elena"]
[Black "Stanojoski, Zvonko"]
[Result "1/2-1/2"]
[WhiteElo "2311"]
[BlackElo "2487"]
[PlyCount "48"]
[EventDate "2010.07.09"]

1. e4 c5 2. Nc3 a6 3. Nf3 b5 4. d4 cxd4 5. Nxd4 Bb7 6. Bd3 Nc6 7. Nxc6 dxc6 8.
a4 e6 9. O-O Nf6 10. Qe2 Nd7 11. Be3 b4 12. Nb1 Ne5 13. Nd2 a5 14. Rad1 Bd6 15.
f4 Nxd3 16. cxd3 O-O 17. Nc4 Bc7 18. Bc5 Re8 19. Qh5 g6 20. Qh6 f5 21. Qh3 Qd7
22. e5 Ba6 23. Be3 Red8 24. Nd6 Rdb8 1/2-1/2

[Event " 3rd International Chess Festival Sport "]
[Site "Paracin"]
[Date "2010.07.10"]
[Round "3.13"]
[White "Todorovic, Bojan"]
[Black "Tosic, Miroslav"]
[Result "1-0"]
[WhiteElo "2305"]
[BlackElo "2423"]
[PlyCount "143"]
[EventDate "2010.07.09"]

1. d4 Nf6 2. c4 g6 3. Nc3 Bg7 4. e4 d6 5. Nf3 O-O 6. h3 e5 7. d5 Na6 8. Be3 Nc5
9. Nd2 a5 10. g4 Bd7 11. Be2 c6 12. g5 Nh5 13. Bxh5 gxh5 14. Bxc5 dxc5 15. Qxh5
a4 16. a3 f5 17. O-O-O Be8 18. Qh4 Bg6 19. Qg3 Qe7 20. h4 Bh5 21. Rde1 Kh8 22.
Qe3 fxe4 23. Ndxe4 Qf7 24. Rh3 Qg6 25. Nxc5 cxd5 26. cxd5 Bg4 27. h5 Bxh5 28.
Ne6 Bg4 29. Nxf8 Rxf8 30. Rh6 Qf5 31. g6 Bf6 32. Rxh7+ Kg8 33. Rf7 Bg5 34. Rxf5
Rxf5 35. d6 Bxe3+ 36. fxe3 Kg7 37. Rg1 Bf3 38. e4 Rf6 39. Rg3 Bh5 40. Rg5 Bxg6
41. Rxe5 Rxd6 42. Re7+ Kf6 43. Rxb7 Ke5 44. Rb4 Rd4 45. Rxd4 Kxd4 46. Nxa4 Bxe4
47. Nc3 Bh7 48. Nb1 Kc4 49. Nd2+ Kd3 50. Nf3 Be4 51. Ng5 Bd5 52. Nh3 Bb3 53.
Nf2+ Ke3 54. Ng4+ Kf4 55. Nf6 Ke5 56. Nh5 Bf7 57. Ng3 Kf4 58. Nf1 Bc4 59. Nd2
Bd3 60. b4 Ke3 61. Nb3 Bg6 62. Kb2 Kd3 63. a4 Kc4 64. Ka3 Be8 65. Na5+ Kd5 66.
Kb3 Bh5 67. Kc3 Bd1 68. Nb3 Kc6 69. b5+ Kb6 70. Kb4 Be2 71. a5+ Ka7 72. Kc5 1-0

[Event " 3rd International Chess Festival Sport "]
[Site "Paracin"]
[Date "2010.07.10"]
[Round "3.15"]
[White "Nestorovic, Nikola"]
[Black "Ganaus, Hannes"]
[Result "1/2-1/2"]
[WhiteElo "2420"]
[BlackElo "2288"]
[PlyCount "65"]
[EventDate "2010.07.09"]

1. e4 c6 2. d4 d5 3. e5 Bf5 4. Nd2 e6 5. Nb3 Nd7 6. Nf3 Qc7 7. Be2 f6 8. Bf4
O-O-O 9. O-O h5 10. Bg3 fxe5 11. dxe5 Be7 12. h4 c5 13. c4 d4 14. Nc1 Nh6 15.
Nd3 Nf7 16. Re1 g5 17. hxg5 Nxg5 18. Nh4 Rdf8 19. Bf1 Rhg8 20. Qxh5 Rh8 21. Qd1
Nh3+ 22. gxh3 Bxh4 23. Bg2 Bxg3 24. fxg3 Bxh3 25. Bxh3 Rxh3 26. Qg4 Rh6 27. Re2
Rfh8 28. Rae1 Qc6 29. Qe4 Rh1+ 30. Kg2 R1h7 31. Kg1 Rh1+ 32. Kg2 R1h2+ 33. Kg1
1/2-1/2

[Event " 3rd International Chess Festival Sport "]
[Site "Paracin"]
[Date "2010.07.10"]
[Round "3.17"]
[White "Dinic, Dragan"]
[Black "Nikolov, Sasho"]
[Result "0-1"]
[WhiteElo "2285"]
[BlackElo "2409"]
[PlyCount "80"]
[EventDate "2010.07.09"]

1. e4 e5 2. Bc4 Nc6 3. Nc3 Nf6 4. d3 Bc5 5. f4 d6 6. Nf3 Bg4 7. h3 Bxf3 8. Qxf3
Nd4 9. Qg3 O-O 10. Kd1 Nh5 11. Qg4 Nxf4 12. Bxf4 exf4 13. Qxf4 c6 14. a3 b5 15.
Ba2 a5 16. Rf1 Ra7 17. Kd2 b4 18. Na4 bxa3 19. Nxc5 axb2 20. Rab1 dxc5 21. Rxb2
a4 22. Qe5 a3 23. Rbb1 h6 24. c3 Re7 25. Qxc5 Ne6 26. Qf5 Qd6 27. Kc2 Rd8 28.
Bc4 Ng5 29. Qf2 Ra8 30. Qd4 Qc7 31. Qc5 Ra5 32. Qb4 Kh7 33. Rb3 Qg3 34. Rd1
Rea7 35. Rbb1 Qxg2+ 36. Rd2 Qxh3 37. Qd6 Nf3 38. Rf2 a2 39. Ra1 Ne5 40. Qb4 Ra4
0-1

[Event " 3rd International Chess Festival Sport "]
[Site "Paracin"]
[Date "2010.07.10"]
[Round "3.18"]
[White "Pantic, Ivica"]
[Black "Ardeleanu, Alin"]
[Result "0-1"]
[WhiteElo "2269"]
[BlackElo "2399"]
[PlyCount "90"]
[EventDate "2010.07.09"]

1. e4 c5 2. Nf3 a6 3. c4 d6 4. d4 Bg4 5. d5 g6 6. Nc3 Bg7 7. Bd2 Nd7 8. h3 Bxf3
9. Qxf3 Ngf6 10. Qd1 O-O 11. Be2 Re8 12. O-O e6 13. dxe6 Rxe6 14. Bg5 h6 15.
Bh4 Qb6 16. Qc2 Rae8 17. Bd3 g5 18. Bg3 Nh5 19. Bh2 Bd4 20. Nd5 Qd8 21. g4 Nhf6
22. Rae1 Nxd5 23. cxd5 Rf6 24. Kg2 Be5 25. Bg1 Nf8 26. Bh2 Bxh2 27. Kxh2 Ng6
28. e5 Nxe5 29. Bh7+ Kg7 30. Kg2 Nf3 31. Re3 Nh4+ 32. Kg1 Rxe3 33. fxe3 Rxf1+
34. Kxf1 Qf6+ 35. Bf5 Nxf5 36. gxf5 Qe5 37. e4 Kf6 38. Kg2 Qd4 39. Kf3 c4 40.
Kg4 Qd3 41. Qg2 Qd1+ 42. Kg3 Qe1+ 43. Kf3 Qd1+ 44. Kg3 Ke5 45. Kh2 Qe1 0-1

[Event " 3rd International Chess Festival Sport "]
[Site "Paracin"]
[Date "2010.07.10"]
[Round "3.19"]
[White "Kojovic, Dragan"]
[Black "Grujic, Nebojsa"]
[Result "1-0"]
[WhiteElo "2381"]
[BlackElo "2188"]
[PlyCount "47"]
[EventDate "2010.07.09"]

1. e4 e6 2. d4 d5 3. Nc3 dxe4 4. Nxe4 Bd7 5. Nf3 Bc6 6. Bd3 Nd7 7. Qe2 Be7 8.
c4 Ngf6 9. Nc3 O-O 10. O-O b6 11. Re1 Re8 12. Bf4 Nf8 13. Rad1 Ng6 14. Bg5 Bb7
15. Bc2 c6 16. Ne5 Qd6 17. a3 Nf8 18. Qf3 Qc7 19. Ne4 N8d7 20. Bxf6 Nxf6 21.
Ng5 Rf8 22. Qh3 h6 23. Nxe6 fxe6 24. Qxe6+ 1-0

[Event " 3rd International Chess Festival Sport "]
[Site "Paracin"]
[Date "2010.07.10"]
[Round "3.20"]
[White "Stojanovic, Zlatko"]
[Black "Milenkovic, Mladen"]
[Result "1-0"]
[WhiteElo "2255"]
[BlackElo "2380"]
[PlyCount "120"]
[EventDate "2010.07.09"]

1. e4 c5 2. Nf3 Nc6 3. d4 cxd4 4. Nxd4 Nf6 5. Nc3 g6 6. Be3 Bg7 7. Bc4 O-O 8.
Bb3 a5 9. f3 d5 10. Bxd5 Nxd5 11. Nxd5 Ra6 12. c3 Ne5 13. Qe2 e6 14. Nf4 Bd7
15. Nd3 Nxd3+ 16. Qxd3 Rd6 17. Qe2 Qh4+ 18. Qf2 Qh5 19. O-O e5 20. Ne2 Rd3 21.
Rfd1 Bb5 22. Rxd3 Bxd3 23. Nc1 Ba6 24. Nb3 f5 25. exf5 gxf5 26. Bb6 e4 27. Bd4
Qg6 28. Nc5 Bc4 29. Bxg7 Qxg7 30. Qd4 Qxd4+ 31. cxd4 exf3 32. gxf3 Bd5 33. Kf2
Rc8 34. b3 b6 35. Nd7 Rc2+ 36. Kg3 Rc6 37. Kf4 Kg7 38. Rg1+ Kh6 39. Rg2 b5 40.
Ne5 Rc3 41. Rf2 a4 42. bxa4 bxa4 43. Rb2 Ra3 44. Rb5 Bxa2 45. Ra5 Rb3 46. Rxa4
Rb2 47. Kxf5 Kh5 48. Ng4 Bb1+ 49. Kf4 Kh4 50. Ra6 h5 51. Rh6 Rd2 52. Nf6 Kh3
53. Rxh5+ Kg2 54. Rg5+ Kf1 55. d5 Ba2 56. h4 Rd4+ 57. Kg3 Ke2 58. h5 Rd1 59. h6
Ke3 60. Re5+ Kd4 1-0

[Event " 3rd International Chess Festival Sport "]
[Site "Paracin"]
[Date "2010.07.10"]
[Round "3.22"]
[White "Todorovic, Nenad I"]
[Black "Zivkovic, Ivan B"]
[Result "0-1"]
[WhiteElo "1807"]
[BlackElo "2326"]
[PlyCount "140"]
[EventDate "2010.07.09"]

1. e4 c5 2. Nf3 d6 3. d4 cxd4 4. Nxd4 Nf6 5. Nc3 Nc6 6. f3 g6 7. Be3 Bg7 8. Qd2
O-O 9. Bc4 Bd7 10. O-O-O Rb8 11. Bb3 Na5 12. g4 b5 13. Bh6 Nc4 14. Bxc4 bxc4
15. Bxg7 Kxg7 16. Nd5 e5 17. Nf5+ Bxf5 18. gxf5 Nxd5 19. Qxd5 c3 20. b3 Rb6 21.
h4 Qf6 22. Rdg1 Kh8 23. Rg5 h6 24. Kb1 Rc8 25. fxg6 fxg6 26. Rg3 Rg8 27. a4 Kh7
28. Rhg1 Rg7 29. Qc4 Rbb7 30. Qxc3 Qxh4 31. Qd2 Qf4 32. Qxd6 Rb6 33. Qd1 Qe3
34. Qc1 Qxc1+ 35. Kxc1 Rf7 36. Kd2 Rd7+ 37. Ke3 Rc6 38. R3g2 Rc3+ 39. Kf2 Rxc2+
40. Kg3 Rc3 41. Rb1 Rdd3 42. Rf2 h5 43. b4 Kh6 44. b5 Ra3 45. Rb4 Kg5 46. b6
axb6 47. Rxb6 Rxa4 48. Kg2 Rda3 49. Rc2 Ra2 50. Rxa2 Rxa2+ 51. Kg3 h4+ 52. Kh3
Rf2 53. Re6 Rxf3+ 54. Kh2 Re3 55. Rxe5+ Kf4 56. Re8 Rxe4 57. Rf8+ Kg4 58. Ra8
Re2+ 59. Kg1 g5 60. Rg8 Kf4 61. Kf1 Re5 62. Rh8 Kg3 63. Ra8 Re3 64. Ra1 Kh2 65.
Ra2+ Kh1 66. Ra1 Rf3+ 67. Ke2+ Kg2 68. Ra4 h3 69. Ra8 h2 70. Rh8 Rh3 0-1

[Event " 3rd International Chess Festival Sport "]
[Site "Paracin"]
[Date "2010.07.10"]
[Round "3.23"]
[White "Milenkovic, Blagoje"]
[Black "Lajthajm, Borko"]
[Result "0-1"]
[WhiteElo "2123"]
[BlackElo "2493"]
[PlyCount "82"]
[EventDate "2010.07.09"]

1. d4 Nf6 2. Nf3 e6 3. a3 c5 4. e3 b6 5. c4 Bb7 6. Be2 Be7 7. Nc3 cxd4 8. exd4
d5 9. O-O O-O 10. Ne5 dxc4 11. Bxc4 Nc6 12. Be3 Qc7 13. Nb5 Qb8 14. Bf4 Qd8 15.
Rc1 Rc8 16. Nxc6 Rxc6 17. Qb3 Qa8 18. Nc7 Qd8 19. Nb5 a6 20. Nc7 Rd6 21. Bxd6
Qxd6 22. Qg3 Ra8 23. Qxd6 Bxd6 24. Nb5 axb5 25. Bxb5 Rd8 26. Bc6 Ba6 27. Rfd1
g6 28. Bf3 Bb5 29. g3 Ba4 30. Rd2 Bb3 31. Kg2 Bd5 32. Bxd5 Nxd5 33. Rc6 Be7 34.
Kf3 Kf8 35. Ke4 Ke8 36. h3 Kd7 37. Rdc2 Bc5 38. R6xc5 bxc5 39. dxc5 Kc6 40. Ke5
f6+ 41. Kxe6 Rd7 0-1

[Event " 3rd International Chess Festival Sport "]
[Site "Paracin"]
[Date "2010.07.10"]
[Round "3.24"]
[White "Zlatanovic, Boroljub"]
[Black "Mladenovic, Stefan"]
[Result "1-0"]
[WhiteElo "2422"]
[BlackElo "2103"]
[PlyCount "47"]
[EventDate "2010.07.09"]

1. Nc3 c5 2. e4 Nc6 3. f4 e6 4. Nf3 g6 5. Bb5 Nge7 6. d4 cxd4 7. Nxd4 Bg7 8.
Be3 O-O 9. Qd2 a6 10. Bxc6 dxc6 11. e5 Nd5 12. Ne4 Nxe3 13. Qxe3 Qd5 14. O-O c5
15. Nf3 b6 16. Rfd1 Qc6 17. Rd6 Qc7 18. Rad1 Bb7 19. Rd7 Qc8 20. Nf6+ Bxf6 21.
exf6 Bxf3 22. f5 c4 23. Qh6 Qc5+ 24. R1d4 1-0

[Event " 3rd International Chess Festival Sport "]
[Site "Paracin"]
[Date "2010.07.10"]
[Round "3.25"]
[White "Andrijevic, Milan"]
[Black "Bulatovic, Nikola"]
[Result "1-0"]
[WhiteElo "2375"]
[BlackElo "2066"]
[PlyCount "63"]
[EventDate "2010.07.09"]

1. e4 c5 2. Nf3 e6 3. d4 cxd4 4. Nxd4 Nf6 5. Nc3 d6 6. Be2 Be7 7. O-O O-O 8. f4
Nc6 9. Be3 a6 10. a4 Qc7 11. Kh1 Rd8 12. Qe1 Nd7 13. Qg3 Nxd4 14. Bxd4 Bf6 15.
Rad1 Bxd4 16. Rxd4 e5 17. Rc4 Qb6 18. Nd5 Qxb2 19. f5 f6 20. Rc7 Kh8 21. a5 b5
22. axb6 a5 23. Ne7 d5 24. exd5 Qxb6 25. Rc6 Qd4 26. Rc4 Qd2 27. Rh4 Nf8 28.
Bf3 Bb7 29. Rg4 Qh6 30. Ra4 Ra7 31. Qf2 Rda8 32. Rd1 1-0